000 00733cab a2200241 4500
001 WB3247-13
008 090401t1996 xxu||||| |||| 00| 0 eng d
035 _a(Sirsi) u69342
041 _aeng
245 _aHeritage facing cuts
260 _c1996
350 _a0
490 _aTimes
_v12 December 1996, 22(1)
520 _aAccording to the Council for British Archaeology, local authority reorganisation in Spring 1997 will lead to serious losses in funding for heritage services.
650 _aANCIENT MONUMENTS
650 _aARCHAEOLOGY
650 _aCOUNCIL FOR BRITISH ARCHAEOLOGY
650 _aHISTORIC BUILDINGS
650 _aUNITARY AUTHORITIES
690 _aCONSERVATION
942 _n0
948 _c04/03/1997
999 _c43552
_d43552